00427nam a2200157Ia 4500001000500000005001700005008004100022041000800063082001800071100003600089245009100125260000900216300002800225650000800253654000800261828620260306160558.0260306t2011||||xx |||||||||||||| ||spa|| aESP a370.1523bN56 aNieto Gil, Jesús MaríaeAUT 0aNeurodidáctica:bAportaciones de las neurociencias al aprendizaje y a la enseñanza c2011 a540 páginas :c24 cm. aGEN aCED